| 000 | 00604nam a2200193 a 4500 | ||
|---|---|---|---|
| 001 | 2013 | ||
| 005 | 20140414132041.0 | ||
| 008 | 050216s19uu xx 00 eng d | ||
| 020 | _a0-8136-7328-3 | ||
| 050 |
_aBB _bD54 1993 |
||
| 100 | _aWalker, Colin | ||
| 245 |
_aDifferent things we get from plants / _cwritten by Colin Walker ; illustrated by Sally Simons. |
||
| 260 |
_aCleveland, Ohio : _bModern Curriculum Press, _c1993. |
||
| 300 | _a16 p. : ill. ; cm. | ||
| 440 | _aConcept Science | ||
| 650 |
_aPlants _xJuvenile literature. |
||
| 650 |
_aSciences _xJuvenile literature. |
||
| 999 |
_c113844 _d113844 |
||